| 000 | 01053nam a2200241 a 4500 | ||
|---|---|---|---|
| 001 | 76752 | ||
| 003 | BD-RjUL | ||
| 005 | 20211209082900.0 | ||
| 008 | 200118s1984 bg a|||| |||| 00| 0 ben d | ||
| 020 | _c: TK 70.00 | ||
| 035 | _a(BD-RjUL)55467 | ||
| 040 |
_aBD-RjUL _bben _cBD-RjUL |
||
| 041 | _aben | ||
| 082 |
_223 _a330.9 _bCHA 1984 |
||
| 100 | 1 |
_aচৌধুরী, মোয়াজ্জেম হোসেন _9237730 |
|
| 245 | 1 | 0 |
_aঅর্থনৈতিক ও বাণিজ্যিক ভূগোল / _cমোয়াজ্জেম হোসেন চৌধুরী |
| 250 | _aসংশোধিত, পরিমার্জিত ও পরিবর্ধিত ৮ম সং . | ||
| 260 |
_aঢাকা : _bবাংলাদেশ বুক করপোরেশন লিঃ, _c১৯৮৪ |
||
| 300 |
_aবিভিন্ন পৃ. : _bচিত্র ; _c২১ সেমি . |
||
| 650 |
_aঅর্থনৈতিক ভূগোল _9237731 |
||
| 650 |
_aEconomic Geography _9237732 |
||
| 942 |
_2ddc _cBK |
||
| 999 |
_c76752 _d76752 |
||